Countryball Quiz - Statistics

General Stats
  • This quiz has been taken 372 times
  • The average score is 46 of 177
Answer Stats
Picture Answer % Correct
Canada
87%
Syria
73%
Malta
69%
United States
64%
Ukraine
62%
Macedon
56%
China
53%
Czech Republic
51%
Algeria
50%
Greece
49%
North Korea
48%
Turkey
48%
France
47%
Yemen
46%
Cambodia
43%
Chad
43%
Japan
43%
Spain
43%
Brazil
42%
Malaysia
42%
Norway
42%
South Korea
42%
Australia
40%
Korea
40%
Mexico
39%
Saudi Arabia
39%
African Union
38%
Austria
38%
India
38%
Israel
38%
Chile
37%
Italy
37%
Sweden
37%
Argentina
35%
Egypt
35%
European Union
35%
Germany
35%
Poland
35%
Roman Empire
35%
Russia
35%
South Africa
35%
Union of Soviet Socialist Republics
35%
NATO
34%
New Zealand
34%
Romania
34%
Scotland
34%
Taiwan
34%
United Nations
34%
Georgia
33%
Indonesia
33%
Liberia
33%
Monaco
33%
Mongol Empire
33%
Nepal
33%
The Netherlands
33%
Vietnam
33%
England
32%
Estonia
32%
Iceland
32%
United Kingdom
32%
Kosovo
31%
Lebanon
31%
Pakistan
31%
Bangladesh
30%
Croatia
30%
Holy Roman Empire
30%
Lesotho
30%
Portugal
30%
Suriname
30%
Vatican
30%
Iran
29%
Myanmar
29%
Nigeria
29%
Colombia
28%
Hong Kong
28%
Palau
27%
Saint Lucia
27%
Slovakia
27%
Armenia
26%
Belarus
26%
British Empire
26%
Côte d'Ivoire
26%
Djibouti
26%
Greenland
26%
Austria-Hungary
25%
Azerbaijan
25%
Iraq
25%
Jordan
25%
Kingdom of Sardinia
25%
Kyrgyzstan
25%
League of Nations
25%
Reichtangle
25%
Byelorussian Soviet Socialist Republic
24%
Ethiopia
23%
Ghana
23%
Japanese Empire
23%
Lithuania
23%
North Vietnam
23%
Ottoman Empire
23%
Rwanda
23%
Thailand
23%
Zimbabwe
23%
Confederate States
22%
Qing
22%
Russian Empire
22%
Tanzania
22%
Kingdom of Italy
21%
Macau
21%
Sierra Leone
21%
Byzantium
20%
French Empire
20%
Gambia
20%
German Empire
20%
Napoleonic France
20%
Prussia
20%
Republic of China
20%
Spanish Empire
20%
Antarctica
19%
Congo Free State
19%
Yugoslavia
19%
Ancient Egypt
18%
British Raj
18%
Mauritius
18%
Equatorial Guinea
17%
Ming Dynasty
17%
Vichy France
17%
Warsaw Pact
17%
Manchukuo
16%
Saint Vincent and the Grenadines
16%
Somaliland
16%
Zhou
16%
Achaemenid Empire
15%
Francoist Spain
15%
Free France
15%
Grand Duchy of Tuscany
15%
Parthian Empire
15%
Swedish Empire
15%
Ancient Greece
14%
Arab League
14%
Golden Horde
14%
Portuguese Empire
14%
Scandinavia
14%
Weimar Republic
14%
Kingdom of Greece
13%
Mughal Empire
13%
Paris Commune
13%
Republican Spain
13%
Republic of Venice
13%
Ukrainian Soviet Socialist Republic
13%
Kingdom of Hungary
12%
Majapahit
12%
Polish-Lithuanian Commonwealth
12%
Austrian Empire
11%
RSFSR
11%
Khiva
10%
Khmer
10%
Union of South Africa
10%
United Arab Republic
10%
Iberian Union
9%
Khedivate of Egypt
9%
Mayan Empire
9%
Principality of Moldavia
9%
Qajar Dynasty
9%
Qin Dynasty
9%
Yuan Dynasty
9%
Carthage
8%
Germania
8%
Nanda Empire
8%
Franks
7%
Gaul
7%
Xiongnu
6%
Fatimid Caliphate
5%
Hunnic Empire
5%
Kingdom of Brandenburg
5%
Mali Empire
5%
Safavid Empire
5%
Numibia
4%
No matching quizzes found
Score Distribution
Percent of People with Each Score
Percentile by Number Answered
Your Score History
You have not taken this quiz